Welcome to University of Cape Coast Library, Online Public Access Catalogue (OPAC)

Political dictionary of the State of Israel / (Record no. 40344)

MARC details
000 -LEADER
fixed length control field 00918pam a2200277 a 4500
001 - CONTROL NUMBER
control field 2523417
003 - CONTROL NUMBER IDENTIFIER
control field OSt
005 - DATE AND TIME OF LATEST TRANSACTION
control field 20220405113625.0
008 - FIXED-LENGTH DATA ELEMENTS--GENERAL INFORMATION
fixed length control field 930319s1993 nyu d 000 0deng
010 ## - LIBRARY OF CONGRESS CONTROL NUMBER
LC control number 93020521
020 ## - INTERNATIONAL STANDARD BOOK NUMBER
International Standard Book Number 0028971930 :
Terms of availability $55.00
040 ## - CATALOGING SOURCE
Original cataloging agency DLC
Transcribing agency DLC
Modifying agency DLC
043 ## - GEOGRAPHIC AREA CODE
Geographic area code a-is---
050 00 - LIBRARY OF CONGRESS CALL NUMBER
Classification number DS126.5
Item number P75
082 00 - DEWEY DECIMAL CLASSIFICATION NUMBER
Classification number 320.95694/03
Edition number 20
245 00 - TITLE STATEMENT
Title Political dictionary of the State of Israel /
Statement of responsibility, etc. Susan Hattis Rolef, editor.
250 ## - EDITION STATEMENT
Edition statement 2nd ed.
260 ## - PUBLICATION, DISTRIBUTION, ETC.
Place of publication, distribution, etc. New York :
Name of publisher, distributor, etc. Macmillan,
Date of publication, distribution, etc. 1993.
300 ## - PHYSICAL DESCRIPTION
Extent 417 p. ;
Dimensions 27 cm.
500 ## - GENERAL NOTE
General note Includes supplement 1987-1993. 69 p.
651 #0 - SUBJECT ADDED ENTRY--GEOGRAPHIC NAME
Geographic name Israel
General subdivision Politics and government
-- Dictionaries.
9 (RLIN) 2207
700 1# - ADDED ENTRY--PERSONAL NAME
Personal name Rolef, Susan Hattis.
9 (RLIN) 2209
906 ## - LOCAL DATA ELEMENT F, LDF (RLIN)
a 7
b cbu
c orignew
d 1
e ocip
f 19
g y-gencatlg
942 ## - ADDED ENTRY ELEMENTS (KOHA)
Source of classification or shelving scheme Library of Congress Classification
Koha item type Books

No items available.

Koha©2022 UCC.All Right Reserved.Site Developed by Sam Jonah Library IT Team
<Home | Contact | Library publications |Research Tools | Research Guides |https://ucclivechat.library-gh.net/index.php/chat

If you have questions or concern please contact the Library.



PMB, University of Cape Coast

KOHA HOME